UEFA Champions League 2012-13 - Statistics

General Stats
  • This quiz has been taken 118 times
  • The average score is 20 of 32
Answer Stats
Hint Answer % Correct
D Real Madrid
98%
F Bayern
97%
G Barcelona
96%
D Borussia Dortmund
94%
H Manchester United
92%
C Milan
91%
E Juventus
90%
E Chelsea
88%
D Manchester City
86%
B Arsenal
83%
F Valencia
82%
A Porto
79%
A PSG
79%
G Benfica
77%
D Ajax
70%
C Málaga
63%
G Celtic
56%
C Zenit
56%
B Schalke 04
54%
H Galatasaray
53%
E Shakhtar Donetsk
51%
C Anderlecht
49%
F Lille
47%
A Dinamo Zagreb
44%
F BATE Borisov
43%
A Dinamo Kiev
40%
B Olympiakos
37%
G Spartak Moscow
36%
B Montpellier
34%
H SC Braga
29%
H Cluj
23%
E Nordsjaelland
12%
No matching quizzes found
Score Distribution
Percent of People with Each Score
Percentile by Number Answered
Your Score History
You have not taken this quiz